<?xml version="1.0" encoding="UTF-8"?>
<resp>
  <nextPage>https://data.bn.org.pl/api/networks/bibs.marcxml?marc=001+b1000001072766&amp;sinceId=1000001072767</nextPage>
  <collection>
    <record xmlns='http://www.loc.gov/MARC21/slim'><leader>02302nam a2200697 i 4500</leader><controlfield tag='001'>b1000001072766</controlfield><controlfield tag='005'>20250226045033.1</controlfield><controlfield tag='008'>211008s2017    ne ao        |001 0 eng c</controlfield><controlfield tag='009'>9912434984805606</controlfield><datafield ind1=' ' ind2=' ' tag='020'><subfield code='a'>9789004314658</subfield><subfield code='q'>(hardback)</subfield></datafield><datafield ind1=' ' ind2=' ' tag='020'><subfield code='z'>9789004340978</subfield><subfield code='q'>(e-book)</subfield></datafield><datafield ind1=' ' ind2=' ' tag='035'><subfield code='a'>(PL)b1000001072766</subfield></datafield><datafield ind1=' ' ind2=' ' tag='040'><subfield code='c'>TOR U</subfield><subfield code='a'>TORU</subfield><subfield code='d'>TOR U</subfield><subfield code='d'>WA N</subfield></datafield><datafield ind1=' ' ind2=' ' tag='044'><subfield code='a'>ne</subfield><subfield code='a'>xxu</subfield></datafield><datafield ind1='2' ind2=' ' tag='045'><subfield code='b'>d0901</subfield><subfield code='b'>d1300</subfield></datafield><datafield ind1=' ' ind2=' ' tag='046'><subfield code='k'>2017</subfield></datafield><datafield ind1='1' ind2=' ' tag='100'><subfield code='a'>Stepanova, Ulia Vladimirovna</subfield><subfield code='d'>(1973- )</subfield><subfield code='e'>Autor</subfield></datafield><datafield ind1='1' ind2='4' tag='245'><subfield code='a'>The burial dress of the Rus&apos; in the upper Volga region :</subfield><subfield code='b'>(late 10th-13th centuries) /</subfield><subfield code='c'>by Iuliia Stepanova.</subfield></datafield><datafield ind1=' ' ind2=' ' tag='260'><subfield code='a'>Leiden ;</subfield><subfield code='a'>Boston :</subfield><subfield code='b'>Brill,</subfield><subfield code='c'>Copyright 2017.</subfield></datafield><datafield ind1=' ' ind2=' ' tag='300'><subfield code='a'>XIX, 393 strony :</subfield><subfield code='b'>fotografie, ilustracje ;</subfield><subfield code='c'>25 cm.</subfield></datafield><datafield ind1=' ' ind2=' ' tag='336'><subfield code='a'>Tekst</subfield><subfield code='b'>txt</subfield><subfield code='2'>rdacontent</subfield></datafield><datafield ind1=' ' ind2=' ' tag='337'><subfield code='a'>Bez urządzenia pośredniczącego</subfield><subfield code='b'>n</subfield><subfield code='2'>rdamedia</subfield></datafield><datafield ind1=' ' ind2=' ' tag='338'><subfield code='a'>Wolumin</subfield><subfield code='b'>nc</subfield><subfield code='2'>rdacarrier</subfield></datafield><datafield ind1=' ' ind2=' ' tag='380'><subfield code='a'>Książki</subfield></datafield><datafield ind1=' ' ind2=' ' tag='380'><subfield code='a'>Publikacje naukowe</subfield></datafield><datafield ind1='1' ind2=' ' tag='388'><subfield code='a'>2001-</subfield></datafield><datafield ind1='1' ind2=' ' tag='490'><subfield code='a'>East Central and Eastern Europe in the Middle Ages,</subfield><subfield code='x'>1872-8103 ;</subfield><subfield code='v'>vol.43</subfield></datafield><datafield ind1=' ' ind2=' ' tag='504'><subfield code='a'>Bibliografia na stronach 375-388. Indeksy.</subfield></datafield><datafield ind1=' ' ind2='7' tag='648'><subfield code='a'>901-1000</subfield><subfield code='2'>DBN</subfield></datafield><datafield ind1=' ' ind2='7' tag='648'><subfield code='a'>1001-1100</subfield><subfield code='2'>DBN</subfield></datafield><datafield ind1=' ' ind2='7' tag='648'><subfield code='a'>1101-1200</subfield><subfield code='2'>DBN</subfield></datafield><datafield ind1=' ' ind2='7' tag='648'><subfield code='a'>1201-1300</subfield><subfield code='2'>DBN</subfield></datafield><datafield ind1=' ' ind2='7' tag='650'><subfield code='a'>Biżuteria</subfield><subfield code='2'>DBN</subfield></datafield><datafield ind1=' ' ind2='7' tag='650'><subfield code='a'>Obyczaje i zwyczaje</subfield><subfield code='2'>DBN</subfield></datafield><datafield ind1=' ' ind2='7' tag='650'><subfield code='a'>Pogrzeb</subfield><subfield code='2'>DBN</subfield></datafield><datafield ind1=' ' ind2='7' tag='650'><subfield code='a'>Średniowiecze</subfield><subfield code='2'>DBN</subfield></datafield><datafield ind1=' ' ind2='7' tag='650'><subfield code='a'>Ubiór</subfield><subfield code='2'>DBN</subfield></datafield><datafield ind1=' ' ind2='7' tag='651'><subfield code='a'>Rosja</subfield><subfield code='2'>DBN</subfield></datafield><datafield ind1=' ' ind2='7' tag='655'><subfield code='a'>Monografia</subfield><subfield code='2'>DBN</subfield></datafield><datafield ind1=' ' ind2=' ' tag='658'><subfield code='a'>Archeologia</subfield></datafield><datafield ind1=' ' ind2=' ' tag='658'><subfield code='a'>Historia</subfield></datafield><datafield ind1='2' ind2=' ' tag='710'><subfield code='a'>Brill Nijhoff</subfield><subfield code='e'>Wydawca</subfield><subfield code='4'>pbl</subfield></datafield><datafield ind1=' ' ind2='0' tag='830'><subfield code='a'>East Central and Eastern Europe in the Middle Ages, 450-1450</subfield><subfield code='x'>1872-8103</subfield><subfield code='v'>vol.43</subfield></datafield><datafield ind1=' ' ind2=' ' tag='852'><subfield code='b'>48OMNIS_NETWORK</subfield><subfield code='8'>9912434984805606</subfield></datafield><datafield ind1=' ' ind2=' ' tag='852'><subfield code='b'>48OMNIS_UMKWT</subfield><subfield code='8'>991016918431406926</subfield></datafield><datafield ind1=' ' ind2=' ' tag='852'><subfield code='8'>22400460300006926</subfield><subfield code='j'>1</subfield><subfield code='h'>Cxf.Gkt/Stepanova, Iuliia/Bur/2017</subfield><subfield code='b'>TORU</subfield><subfield code='p'>300051983191</subfield><subfield code='c'>Hist_bg</subfield></datafield><datafield ind1=' ' ind2=' ' tag='920'><subfield code='z'>978-90-04-34097-8 (e-book)</subfield></datafield><datafield ind1=' ' ind2=' ' tag='920'><subfield code='a'>978-90-04-31465-8 (hardback)</subfield></datafield></record>
  </collection>
</resp>
